000 01733cam a2200145 4500500
005 20251214001915.0
041 _afre
042 _adc
100 1 0 _aGerstlé, Jacques
_eauthor
700 1 0 _aPiar, Christophe
_eauthor
245 0 0 _aLa communication politique
260 _bArmand Colin,
_c2020.
520 _aLa politique est largement affaire de communication. Depuis plusieurs années, les acteurs politiques ont en effet recours à tout un répertoire de stratégies et de techniques (sondages, focus groups, triangulation, news management, réseaux sociaux, etc.) pour déterminer les attentes des électeurs, formuler le message « gagnant » et occuper l’espace médiatique afin d’être le plus persuasif possible. Mêlant à la fois théories, techniques et pratiques politiques, la communication politique se présente ainsi comme l’outil indispensable à la conquête et à l’exercice du pouvoir. Cette nouvelle édition dresse le panorama complet de cet ensemble disparate, désormais objet d’étude en tant que tel. Elle met également en évidence la part croissante de la participation citoyenne au débat démocratique grâce aux nouvelles technologies et l’émergence d’organisations en réseaux qui remettent en cause les institutions représentatives traditionnelles. Elle analyse enfin les effets réels de la numérisation de la communication politique qui, contrairement aux mythes souvent véhiculés par les acteurs concernés, n’a pas révolutionné les règles du jeu mais donné naissance à un système médiatique politique désormais hybride.
856 4 1 _uhttps://shs.cairn.info/la-communication-politique--9782200627843?lang=fr&redirect-ssocas=7080
999 _c1566553
_d1566553